Słownik geograficzny #2 - Statystyki

Ogólne statystyki
  • Ten quiz został rozwiązany 25 razy
  • Średni wynik to 8 z 15
Statystyki odpowiedzi
Pojęcie Definicja % Poprawnych
Jowisz Piąta od Słońca (778,4 mln km odległości od Słońca), największa i najcięższa planeta Układu Słonecznego (ponad 2,5 razy więcej niż masa wszystkich pozostałych planet Układu razem wziętych).
87%
Księżyc Zwany naturalnym satelitą, to najczęściej skalny lub lodowy obiekt krążący (zazwyczaj cechuje go obrót synchroniczny) wokół planety, planety karłowatej lub planetoidy.
87%
Astronomia Jedna z nauk przyrodniczych zajmująca się badaniem ciał niebieskich. W geografii ma charakter nauki pomocniczej, pomaga wyjaśnić kwestie związane z położeniem Ziemi we Wszechświecie i Układzie Słonecznym oraz następstwa z tym związane – ruch obiegowy i obrotowy Ziemi i ich skutki.
78%
Autostrada Droga szybkiego ruchu samochodowego, zazwyczaj (m.in. w Polsce) wymagająca wniesienia opłaty za przejazd. Służy do podróży na duże odległości, w ruchu krajowym i międzynarodowym.
78%
Wiatr Poziomy ruch powietrza będący wynikiem różnicy ciśnienia.
78%
Trąba powietrzna Występujące na wszystkich kontynentach (za wyjątkiem Antarktydy), jednak najczęściej w USA ekstremalne wiatry o ruchu wirowym, tworzące się nad lądem na styku wilgotnego ciepłego powietrza i chłodnego suchego powietrza, o dość skomplikowanym mechanizmie powstawania. Mogą nieść za sobą katastrofalne zniszczenia.
61%
Atmosfera Jedna ze sfer Ziemi, będąca gazową powłoką naszej planety (może występować także na innych planetach). Jest warstwą zewnętrzną, przechodzącą stopniowo w przestrzeń kosmiczną.
57%
Kreda Ostatni okres Mezozoiku, po Jurze, a przed Paleogen z ery Kenozoicznej, trwający w okresie 145 mln lat – 66 mln lat BP (79 mln lat). Jest najdłuższym okresem od Prekambru.
48%
Terroryzm Forma walki z użyciem przemocy, w której dokonuje się ataków lub zamachów przy wykorzystaniu pojedynczych żołnierzy (często samobójców) ewentualnie niewielkich oddziałów, w celu zniszczenia kluczowego obiektu lub uprowadzenia albo zabicia cywili albo określonych osób.
48%
Skała Pod tym pojęciem rozumie się wszystkie składniki budujące skorupę ziemską, niezależnie od pochodzenia i struktury, zbudowane z jednego lub kilku minerałów. Dzielą się według pochodzenia na: magmowe, osadowe i metamorficzne.
43%
Kwarc Jasny minerał z gromady krzemianów, jeden z najważniejszych i najpospolitszych minerałów skałotwórczych. Jest składnikiem wielu skał, tak magmowych (np. granitu), metamorficznych (np. kwarcyt) jak i osadowych m.in. piasku (co nadaje mu charakterystyczną jasną barwę). W skali twardości Mhosa ma wysoką wartość wynoszącą 7.
35%
Lodowiec górski Lokalne zlodowacenie w górach, złożone z pola firnowego (jedno lub kilku) oraz jęzora lodowcowego (lub kilku jęzorów).
26%
Frekwencja wyborcza Odsetek osób które wzięły udział w głosowaniu – wyborach lub referendum w stosunku do wszystkich uprawnionych do udziału w tym głosowaniu.
17%
Widnokrąg Linia pozornego zetknięcia sfery niebieskiej z powierzchnią Ziemi, wyznaczająca faktyczną granicę obserwacji możliwej do dokonania z danego miejsca.
17%
Sieć transportowa Jeden z elementów infrastruktury transportu, obejmuje liniowe szlaki transportowe takie jak drogi kołowe, linie kolejowe, szlaki żeglowne, korytarze powietrzne, linie przesyłowe.
0%
Nie znaleziono quizów pasujących do podanych kryteriów
Rozkład punktacji
Procent ludzi z każdym wynikiem
Percentyl według liczby udzielonych odpowiedzi
Twoja historia wyników
Nie rozwiązałeś tego quizu